| 000 | 00543nam a22001697a 4500 | ||
|---|---|---|---|
| 999 |
_c8587 _d8587 |
||
| 008 | 201207b ||||| |||| 00| 0 eng d | ||
| 040 | _aBMS College of Architecture | ||
| 100 | _aPriya, M Vaishnu | ||
| 245 | _aAn Aleppian love affair post - war rehabilitation | ||
| 300 | _a74p. | ||
| 500 | _a1BM13AT090 | ||
| 502 |
_8B,Arch _NBMS College of Architecture, Visvesvaraya Technological University (VTU) _aProject report _d2017 |
||
| 650 | _aNA | ||
| 700 |
_aShanthesh R Kelevekar _eGuide |
||
| 700 |
_aKoshy P Koshy _eGuide |
||
| 942 |
_2ddc _cTHE |
||